| 000 | 00552cam a2200169 4500 | ||
|---|---|---|---|
| 008 | 231122s1958xxk 000 0 eng eng d | ||
| 035 | _a(Sirsi) u134294 | ||
| 041 | 0 | _aeng | |
| 050 | 0 | 4 | _a331.2166 $2 18 |
| 110 | 2 | _aValuers Institution | |
| 245 | 0 | 0 |
_aScales of professional charges _bincorporating revisions effective from 1st August 1958 |
| 260 |
_a[S.l.] _b[s.n.] _c1958 (London _bE T Heron and Co) |
||
| 300 |
_a35p. _c12cm. |
||
| 520 | _aContains scales one to 35 inclusive. | ||
| 690 | _aMANAGEMENT-BUSINESS MANAGEMENT-FEES | ||
| 942 |
_n0 _2ddc |
||
| 999 |
_c121720 _d121720 |
||